| 000 | 01970cam a22005174i 4500 | ||
|---|---|---|---|
| 003 | PE-LiUPU | ||
| 005 | 20250731165625.0 | ||
| 008 | 150616s r 000 0 d | ||
| 035 | _a(Sirsi) a6185 | ||
| 035 | _a(Sirsi) a6185 | ||
| 040 |
_aPE-LiUPU _bspa _cPE-LiUPU _erda |
||
| 049 | _aPRUA | ||
| 082 | 0 | 4 |
_a281.3 _bR71 _221 |
| 100 | 1 |
_aRoberts, Alexander, _eautor. |
|
| 245 | 1 | 4 |
_aThe Gospel of Peter, The Diatessaron of Tatian, The Apocalypse of Peter.. _n10 / _cAlexander Roberts. |
| 264 | 1 |
_aMichigan : _bWm. B. Eerdmans Publishing Company, _c1978. |
|
| 300 |
_a533 páginas ; _c24 cm. |
||
| 336 |
_atext _2rdacontent |
||
| 337 |
_aunmediated _2rdamedia |
||
| 338 |
_avolume _2rdacarrier |
||
| 490 | 0 | _aThe Ante-Nicene Fathers | |
| 505 | 0 | _aWorks connected with the gospels -- Apocalypses and romances -- The epistles of clement, completed from a manuscript -- The apology of aristides the philosopher -- The passion of the scillitan martyrs. | |
| 526 | _aSEG44 | ||
| 526 | _aSEG26 | ||
| 526 | _aP151 | ||
| 526 | _aP150 | ||
| 526 | _aP149 | ||
| 526 | _aP146 | ||
| 526 | _aP145 | ||
| 526 | _aP126 | ||
| 526 | _aP125 | ||
| 526 | _aP92 | ||
| 526 | _aP75 | ||
| 526 | _aP74 | ||
| 526 | _aP27 | ||
| 526 | _aP15 | ||
| 630 |
_aBiblia. _pN.T. _pEvangelio de Pedro _xCrítica, interpretación, etc. |
||
| 700 | 1 | _aDonaldson, James. | |
| 910 |
_ajck _bjvq _cjck |
||
| 942 |
_2ddc _cBOOK |
||
| 949 |
_aRC 281.3 R71 10 _wDEWEY _c1 _i20450 _lRC _mBUL _r0 _sY _tBOOK _u2015-6-16 _xTEOLOGIA _zUNKNOWN _0COMPRA _o.CIRCNOTE. No olvidar cambiar la fecha de devolución!!!!!!! _o.STAFF. Colección General |
||
| 994 |
_aC0 _bPEPRU |
||
| 596 | _a1 | ||
| 999 |
_aRC 281.3 R71 10 _wDEWEY _c57291 _i20450 _f2021-11-8 _g6 _lCCODEBUL1 _mBUL _r1 _sY _tBOOK _u2015-6-16 _xTEOLOGIA _zUNKNOWN _0COMPRA _o.CIRCNOTE. No olvidar cambiar la fecha de devolución!!!!!!! _o.STAFF. Colección General _d57291 |
||
| 980 |
_81 _gALBERTO SANCHEZ Responsable de Automatización |
||